| 000 | 00660cam a2200217u 4500 | ||
|---|---|---|---|
| 999 |
_c4488 _d4488 |
||
| 001 | 5958992 | ||
| 003 | GBCCL | ||
| 005 | 20241126110519.0 | ||
| 008 | 820607s1935 pau 000 0 eng | ||
| 010 | _a 36008958 | ||
| 040 |
_aDLC _cCarP _dDLC |
||
| 050 | 0 | 0 |
_aBS2725 _b.E7 |
| 082 |
_a227.8106 _bERD |
||
| 100 | 1 |
_aErdman, Charles R. _q(Charles Rosenbury), _d1866-1960. _98245 |
|
| 245 | 1 | 4 | _aThe Epistles of Paul to the Thessalonians; |
| 260 |
_aPhiladelphia, _bThe Westminster Press, _c1935. |
||
| 300 |
_a101 p. _c18 cm. |
||
| 630 | 0 | 0 |
_aBible. _pThessalonians _vCommentaries. _98361 |
| 906 |
_a0 _bcbc _cpremunv _du _encip _f19 _gy-gencatlg |
||
| 942 |
_2ddc _cBK _02 |
||